000 00884nam a2200193 a 4500
001 46737
005 20180714030424.0
008 140415s1990 it 000 0 ita d
041 _aita
082 _a195
_bOPE
100 1 _aSCIACCA, MICHELE FEDERICO
245 1 0 _aPLATONE
250 _a1a ed.
260 _aITALIA :
_bLEPOS,
_c1990
300 _a
_c14.5 x 4 x 22.5
490 _aOPERE DI MICHELE FEDERICO SCIACCA
520 _aGLI SCRITTI, RACCOLTI E ORGANICAMENTE SISTEMATI IN QUESTI DUE VOLUMINI, ABBRACCIANO UN ARCO DI TEMPO DI CIRCA VEINTICINQUE ANNI, A PARTIRE DAL 1930; QUELLI CHE VANNO DA QUESTA DATA AL ´38 SON TESTIMONIANZA DELLA MIA GIOVANILE<<COTTA>> PER PLATONE, FATALE SE, COME DICONO I COMPETENTI, PLATOCINI SI NASCE - E SI RESTA, DICO IO, PUR QUANDO LA COTTA SI TRASFORMA IN PROFONDO INTERESSE CRITICAMENTE RIPENSATO.
650 1 4 _aPLATONISMO
999 _c46737
_d46737